000 00576nam a22002297a 4500
003 OSt
008 150515b xxu||||| |||| 00| 0 eng d
100 1 _aLindquist, H. L.
041 _aeng
050 0 0 _a383.2135S
245 1 0 _aThe Stamp Specialist
246 1 0 _aOrange Book (Number 5)
260 _aNew York, NY
_bH. L. Lindquist
300 _a136 pages
650 0 _aGeneral
650 0 _aStamp Design
650 0 _aSupplementary Mail
650 0 _aPoland
650 0 _aLuff reference collection
650 0 _aConfederate states
650 0 _aUS 20th Century Stamps
999 _c1462
_d1462